000 00840nam a2200253 i 4500
003 DO-SdBNP
005 20240212073538.0
006 a||||gr|||| 00| 0
007 ta
008 240209e2023 dr ||||| gl|| 00| 0 spa d
020 _a9789945643657 (digital)
020 _a9789945643640 (impreso)
040 _aDO-SdBNP
_bspa
_cBNPHU
_erda
082 4 _222
_bR426g
110 1 _aRepública Dominicana.
_bTribunal Constitucional
245 1 0 _aGuía para la gestión antisoborno del Tribunal Constitucional /
264 _aSanto Domingo :
_bTribunal Constitucional, Departamento de Gestión de Calidad,
_c2023
300 _a49 páginas :
_bIlustraciones ;
_c12 cm.
336 _2rdacontent
_atexto
_btxt
337 _2rdamedia
_asin mediación
_bn
338 _2rdacarrier
_avolumen
_bnc
590 _aInventariado 2024 / MF
942 _2ddc
_cLF2
999 _c55902
_d55902